| 000 | 00905nam a2200277 a 4500 | ||
|---|---|---|---|
| 001 | |||
| 003 | DO-SdBNP | ||
| 005 | 20210806112919.0 | ||
| 008 | 081212s2016 dr 000 0 spa d | ||
| 020 | _a9789945005370 | ||
| 040 |
_aBPMSU _bspa _cBPMSU |
||
| 082 |
_a461 _bG216o, 2017 _222 |
||
| 100 | 1 | _aGarcía Molina, Bartolo | |
| 245 | 1 | 0 |
_aOrtografía inferencial y operativa / _cBartolo García Molina ; prólogo Míriam Gutiérrez Pérez. |
| 250 | _a9a ed. corr. y actualizada | ||
| 260 |
_aSanto Domingo : _bSurco, _c2016 |
||
| 300 |
_a286 p. ; _c21 cm. |
||
| 500 | _aIncluye datos biográficos del autor en la solapa de la cubierta | ||
| 504 | _aBibliografía : p. 283-286 | ||
| 590 | _aInventariado, 2021/VM | ||
| 650 | 4 |
_aEspañol _xOrtografía |
|
| 650 | 4 |
_aEspañol _xOrtografía _xEnseñanza |
|
| 700 | 1 | 2 |
_aGutiérrez Pérez, Míriam, _epról. |
| 910 | _aVMateo V. | ||
| 942 |
_2ddc _cBK |
||
| 999 |
_c13635 _d13635 |
||